Znaki rozpoznawcze Niemiec - Statystyki

Ogólne statystyki
  • Ten quiz został rozwiązany 2 213 razy
  • Średni wynik to 11 z 18
Statystyki odpowiedzi
Obrazkowy Hint Odpowiedź % Poprawnych
rasa psa Owczarek niemiecki
90%
była kanclerz Angela Merkel
89%
firma Volkswagen
84%
festiwal Oktoberfest
83%
zabytek Mur Berliński
81%
punkt orientacyjny Brama brandenburska
76%
dawny kraj (na niebiesko) Prusy
76%
zmienił chrześcijaństwo Marcin Luter
72%
linia lotnicza Lufthansa
70%
miasto/kraj związkowy Hamburg
67%
miasto Frankfurt
65%
panierowane mięso Sznycel
65%
rzeka Ren
60%
muzyk Jan Sebastian Bach
53%
agitator XIX wieku Karol Marks
52%
rzecz Zegar z kukułką
28%
las Czarny Las
19%
rodzaj odzieży Lederhosen
9%
Nie znaleziono quizów pasujących do podanych kryteriów
Rozkład punktacji
Procent ludzi z każdym wynikiem
Percentyl według liczby udzielonych odpowiedzi
Twoja historia wyników
Nie rozwiązałeś tego quizu